| 000 | 00724nam a22002057a 4500 | ||
|---|---|---|---|
| 999 |
_c15696 _d15696 |
||
| 003 | AR-CdUCM | ||
| 008 | 190319b ||||| |||| 00| 0 spa d | ||
| 040 |
_aMUNICIPALIDAD PROVINCIAL DEL CUSCO _cBIBLIOTECA MUNICIPAL DEL CUSCO |
||
| 082 |
_a415 / _bR17 / 1950 |
||
| 100 |
_aRagucci, Rodolfo M. _911365 |
||
| 245 | _aLas mas importantes reformas e innovaciones / | ||
| 260 |
_aBuenos Aires : _bLibrería del colegio Pio IX, _c1950. |
||
| 300 |
_a100 páginas ; _c19 cm. |
||
| 505 | _aContenido: Analogía -- Generalidades -- Del nombre substantivo -- Del nombre adjetivo ... | ||
| 650 |
_aEspaña _9176 |
||
| 650 |
_aGramática _99175 |
||
| 650 |
_aInnovaciones _934861 |
||
| 942 |
_2ddc _cLIBROS |
||
| 945 |
_arah _d29/04/2019 |
||